MARC details
| 000 -CABECERA |
| campo de control de longitud fija |
00858cam a2200241 a 4500 |
| 001 - NÚMERO DE CONTROL |
| campo de control |
000010530 |
| 005 - FECHA Y HORA DE LA ÚLTIMA TRANSACCIÓN |
| campo de control |
20250429112051.0 |
| 008 - DATOS DE LONGITUD FIJA--INFORMACIÓN GENERAL |
| campo de control de longitud fija |
800312s1986 sp a 001 0 spa d |
| 020 ## - NÚMERO INTERNACIONAL ESTÁNDAR DEL LIBRO |
| Número Internacional Estándar del Libro |
842493525X |
| 040 ## - FUENTE DE LA CATALOGACIÓN |
| Centro catalogador/agencia de origen |
DO-SdBNP |
| Lengua de catalogación |
spa |
| Centro/agencia transcriptor |
BNPHU |
| 082 ## - NÚMERO DE LA CLASIFICACIÓN DECIMAL DEWEY |
| Número de clasificación |
888 |
| Número de documento/Ítem |
H559h |
| 100 0# - ENTRADA PRINCIPAL--NOMBRE DE PERSONA |
| Nombre de persona |
Herodotus |
| Fechas asociadas al nombre |
484 aC - c. 425 aC |
| 9 (RLIN) |
25542 |
| 245 10 - MENCIÓN DE TÍTULO |
| Título |
Historia : |
| Resto del título |
libros III-IV / |
| Mención de responsabilidad, etc. |
Heródoto ; traducción y notas de Carlos Schrader. |
| 260 ## - PUBLICACIÓN, DISTRIBUCIÓN, ETC. |
| Lugar de publicación, distribución, etc. |
Madrid : |
| Nombre del editor, distribuidor, etc. |
Gredos, |
| Fecha de publicación, distribución, etc. |
1986. |
| 300 ## - DESCRIPCIÓN FÍSICA |
| Extensión |
502 p. : |
| Otras características físicas |
il. ; |
| Dimensiones |
20 cm. |
| 490 1# - MENCIÓN DE SERIE |
| Mención de serie |
Biblioteca clásica Gredos ; |
| Designación de volumen o secuencia |
21 |
| 504 ## - NOTA DE BIBLIOGRAFÍA, ETC. |
| Nota de bibliografía, etc. |
Incluye bibliografía y notas al pie de las páginas. |
| 500 ## - NOTA GENERAL |
| Nota general |
Incluye índice de nombres. |
| 650 #0 - PUNTO DE ACCESO ADICIONAL DE MATERIA--TÉRMINO DE MATERIA |
| Término de materia o nombre geográfico como elemento de entrada |
Historia antigua |
| 9 (RLIN) |
18158 |
| 651 #4 - PUNTO DE ACCESO ADICIONAL DE MATERIA--NOMBRE GEOGRÁFICO |
| Nombre geográfico |
Grecia |
| Subdivisión general |
Historia |
| Subdivisión cronológica |
GUERRAS MÉDICAS, 500-449 A.C. |
| 9 (RLIN) |
25543 |
| 700 1# - PUNTO DE ACCESO ADICIONAL--NOMBRE DE PERSONA |
| Nombre de persona |
SCHRADER, CARLOS, |
| Término indicativo de función/relación |
tr. |
| 9 (RLIN) |
25544 |
| 830 #0 - PUNTO DE ACCESO ADICIONAL DE SERIE-TÍTULO UNIFORME |
| Título uniforme |
Biblioteca clásica Gredos ; |
| Designación de volumen o secuencia |
21 |
| 9 (RLIN) |
8642 |